000
00329 a2200145 4500
001
153180
040
_c
Escola São Tomás de Aquino
240
1
0
_a
Olhos vendados
_l
por
245
1
0
_a
Olhos vendados
300
_a
110
362
0
_a
2007
440
1
_a
Difusão Cultural do Livro
697
_a
LITERATURA BRASILEIRA
942
_c
BK
999
_c
153180
_d
153180